Về mái nhà xưa Tiểu thuyết tâm lý xã hội Mỹ
Đã lưu trong:
| Tác giả chính: | |
|---|---|
| Định dạng: | Sách |
| Được phát hành: |
H.
Hội nhà văn
1990
|
| Những chủ đề: | |
| Các nhãn: |
Thêm thẻ
Không có thẻ, Là người đầu tiên thẻ bản ghi này!
|
| Thư viện lưu trữ: | Trung tâm Học liệu Lê Vũ Hùng, Trường Đại học Đồng Tháp |
|---|
| LEADER | 00701pam a22002178a 4500 | ||
|---|---|---|---|
| 001 | 00021374 | ||
| 005 | 20171026081023.0 | ||
| 008 | 110524s1990 ||||||Viesd | ||
| 041 | 0 | # | |a Vie |
| 082 | 1 | 4 | |a 813 |b V250M |
| 100 | 0 | # | |a Steel,Daniclle |
| 245 | 0 | 0 | |a Về mái nhà xưa |b Tiểu thuyết tâm lý xã hội Mỹ |c Daniclle Stell |
| 260 | # | # | |a H. |b Hội nhà văn |c 1990 |
| 300 | # | # | |a 285 tr. |c 19 cm. |
| 650 | # | 4 | |a Mỹ |
| 650 | # | 4 | |a Văn học hiện đại |
| 653 | # | # | |a Tiểu thuyết tâm lý |
| 852 | # | # | |b Kho đọc |j KD.0006848 |
| 852 | # | # | |j KD.0006848 |
| 910 | |d 24/05/2011 | ||
| 980 | # | # | |a Trung tâm Học liệu Lê Vũ Hùng, Trường Đại học Đồng Tháp |